Statistiques concernant Stations du tramway de Clermont-Ferrand

Cliquez ici pour prendre le quiz!

Statistiques générales

  • Ce quiz a été pris 198 fois
  • Le résultat moyen est 18 sur 34

Statistiques - réponses

Ligne A% Correct
Jaude
96%
Maison de la Culture
81%
Gaillard
80%
La Pardieu Gare
80%
Les Vergnes
80%
Universités
74%
Hôtel de ville
72%
1er mai
70%
Stade Marcel Michelin
69%
CHU G.Montpied
68%
Lagarlaye
66%
Les Carmes
62%
Delille Montlosier
60%
Musée d'art Roger-Quillot
60%
Les Pistes
58%
Montferrand - La Fontaine
58%
Campus
57%
Lycée Lafayette
57%
Saint-Jacques Loucheur
57%
Saint-Jacques Dolet
54%
Fontaine du Bac
53%
Léon Blum
51%
Croix de Neyrat
49%
Stade Gabriel-Montpied
45%
Cézeaux Pellez
44%
Margeride
43%
La Chaux
37%
Champratel
34%
Lycée Ambroise Brugière
30%
Gravière
28%
Les Vignes
26%
La Plaine
24%
Hauts de Chanturgue
20%
Collège A.Camus
8%

Distribution des résultats

Percentile par nombre de réponses

% des personnes avec chaque résultat

Votre développement - résultats

Vous n’avez pas pris ce quiz